[Event "FRA-chT Top 16 Gp Haute"]
[Site "Chartres"]
[Date "2022.06.16"]
[Round "1.1"]
[White "Bellahcene, Bilel"]
[Black "Papadiamandis, Elliot"]
[Result "1-0"]
[WhiteElo "2513"]
[BlackElo "2372"]
[PlyCount "49"]
[EventDate "2022.06.16"]
[EventType "team-tourn"]
[EventRounds "4"]
[EventCountry "FRA"]
[SourceTitle "CBM 208 Extra"]
[Source "ChessBase"]
[SourceDate "2022.07.31"]
[SourceVersion "1"]
[SourceVersionDate "2022.07.31"]
[SourceQuality "1"]
[WhiteTeam "Bischwiller"]
[BlackTeam "Mulhouse Philidor"]
[WhiteTeamCountry "FRA"]
[BlackTeamCountry "FRA"]

1. d4 Nf6 2. c4 g6 3. Nc3 d5 4. cxd5 Nxd5 5. e4 Nxc3 6. bxc3 Bg7 7. Nf3 c5 8. Bb5+ Nc6 9. d5 Qa5 10. Rb1 Bxc3+ 11. Bd2 a6 12. Ba4 b5 13. dxc6 bxa4 14. 0-0 Bxd2 15. Nxd2 Be6 16. Qc1 0-0 17. Nf3 Rac8 18. Rb7 Rxc6 19. Qh6 f6 20. Rxe7 Bf7 21. e5 Qc3 22. h4 c4 23. h5 Rb6 24. hxg6 hxg6 25. Re1 1-0

[Event "FRA-chT Top 16 GpB"]
[Site "Chartres"]
[Date "2022.06.09"]
[Round "1.1"]
[White "Benitah, Yohan"]
[Black "Papadiamandis, Elliot"]
[Result "1/2-1/2"]
[WhiteElo "2385"]
[BlackElo "2372"]
[PlyCount "31"]
[EventDate "2022.06.09"]
[EventType "team-tourn"]
[EventRounds "7"]
[EventCountry "FRA"]
[SourceTitle "CBM 208 Extra"]
[Source "ChessBase"]
[SourceDate "2022.07.31"]
[SourceVersion "1"]
[SourceVersionDate "2022.07.31"]
[SourceQuality "1"]
[WhiteTeam "Lyon"]
[BlackTeam "Mulhouse Philidor"]
[WhiteTeamCountry "FRA"]
[BlackTeamCountry "FRA"]

1. d4 Nf6 2. c4 g6 3. Nc3 d5 4. cxd5 Nxd5 5. Bd2 c5 6. e4 Nxc3 7. Bxc3 cxd4 8. Bxd4 e5 9. Bc3 Qb6 10. Bc4 Bg7 11. Nf3 0-0 12. 0-0 Nc6 13. Qa4 Bg4 14. Nd2 Nd4 15. h3 Be6 16. Rfe1 1/2-1/2